| 000 | 00548nam a2200205 a 4500 | ||
|---|---|---|---|
| 001 | 65148 | ||
| 003 | BD-RjUL | ||
| 005 | 20211209081406.0 | ||
| 008 | 170228s1976 ii |||| |||| 000 0 eng d | ||
| 035 | _a(BD-RjUL)65278 | ||
| 040 |
_aBD-RjUL _beng _cBD-RjUL |
||
| 041 | _aeng | ||
| 082 |
_223 _a658 _bPAS 1976 |
||
| 100 | 1 |
_aPatel, J.S.K. _9192955 |
|
| 245 | 1 | 0 |
_aSalesmanship and publicity / _cJ.S.K PATEL. |
| 260 |
_aNew Delhi : _bSultan Chand and Sons. _c[1976?] |
||
| 300 |
_a272 p. : _c19 cm. |
||
| 650 |
_aManagement _9172842 |
||
| 942 |
_2ddc _cBK |
||
| 999 |
_c65148 _d65148 |
||